[Event "Ceske Budejovice op-B"]
[Site "Ceske Budejovice"]
[Date "2020.07.05"]
[Round "5"]
[White "Havelkova, Beata"]
[Black "Zachar, Jaroslav"]
[Result "1-0"]
[WhiteElo "1394"]
[BlackElo "1831"]
[PlyCount "87"]
[EventDate "2020.07.01"]
[EventType "swiss"]
[EventRounds "9"]
[EventCountry "CZE"]
[SourceTitle "CBM 197 Extra"]
[Source "ChessBase"]
[SourceDate "2020.09.30"]
[SourceVersion "1"]
[SourceVersionDate "2020.09.30"]
[SourceQuality "1"]

1. e4 e6 2. d4 d5 3. Nd2 c5 4. Ngf3 Nc6 5. exd5 exd5 6. Bb5 a6 7. Bd3 Nf6 8. 0-0 c4 9. Re1+ Be7 10. Bf1 0-0 11. c3 Bg4 12. h3 Bh5 13. g4 Bg6 14. Ne5 Nd7 15. Qf3 Ndxe5 16. dxe5 f5 17. Bg2 Bh4 18. Qxd5+ Kh8 19. Qxd8 Raxd8 20. Nf3 Be7 21. Be3 Rd3 22. Nd4 Nxe5 23. Bf4 Rxd4 24. cxd4 Nd3 25. Rxe7 Nxf4 26. Rd1 fxg4 27. hxg4 Bd3 28. Bf1 g5 29. Rxb7 Rd8 30. Re1 Kg8 31. Re5 h6 32. Rc5 Ne6 33. Rxc4 Bxf1 34. Kxf1 Nxd4 35. a4 Nf3 36. Rc6 Nh2+ 37. Kg2 Nxg4 38. Re6 Rf8 39. f3 Nf6 40. Rxa6 h5 41. Raa7 g4 42. fxg4 hxg4 43. Rg7+ Kh8 44. b4 1-0

[Event "Ceske Budejovice op-B"]
[Site "Ceske Budejovice"]
[Date "2020.07.04"]
[Round "4"]
[White "Zachar, Jaroslav"]
[Black "Policar, Martin"]
[Result "1-0"]
[WhiteElo "1831"]
[BlackElo "1258"]
[PlyCount "61"]
[EventDate "2020.07.01"]
[EventType "swiss"]
[EventRounds "9"]
[EventCountry "CZE"]
[SourceTitle "CBM 197 Extra"]
[Source "ChessBase"]
[SourceDate "2020.09.30"]
[SourceVersion "1"]
[SourceVersionDate "2020.09.30"]
[SourceQuality "1"]

1. d4 d5 2. e3 e6 3. c4 c5 4. Nc3 Nf6 5. Nf3 Nc6 6. Ne5 cxd4 7. exd4 Bd6 8. Nxc6 bxc6 9. Qa4 Bd7 10. c5 Bc7 11. f4 0-0 12. Ba6 Ng4 13. g3 f6 14. Bb7 Rb8 15. Bxc6 Bxc6 16. Qxc6 Qe7 17. 0-0 Rbd8 18. Bd2 Ba5 19. Rae1 Bxc3 20. Bxc3 e5 21. Ba5 Rd7 22. fxe5 fxe5 23. Rxf8+ Qxf8 24. Qe6+ Rf7 25. Qxg4 Rf2 26. Qe6+ Kh8 27. Qxe5 Rxb2 28. Qe8 Rf2 29. Qxf8+ Rxf8 30. c6 h6 31. Re5 1-0

[Event "Ceske Budejovice op-B"]
[Site "Ceske Budejovice"]
[Date "2020.07.03"]
[Round "3"]
[White "Kroulik, Vaclav"]
[Black "Zachar, Jaroslav"]
[Result "1-0"]
[WhiteElo "1442"]
[BlackElo "1831"]
[PlyCount "87"]
[EventDate "2020.07.01"]
[EventType "swiss"]
[EventRounds "9"]
[EventCountry "CZE"]
[SourceTitle "CBM 197 Extra"]
[Source "ChessBase"]
[SourceDate "2020.09.30"]
[SourceVersion "1"]
[SourceVersionDate "2020.09.30"]
[SourceQuality "1"]

1. e4 e6 2. d4 d5 3. Nc3 dxe4 4. Nxe4 Nd7 5. Nf3 Ngf6 6. Bg5 Be7 7. Nxf6+ Nxf6 8. Bd3 c5 9. c3 cxd4 10. Nxd4 0-0 11. 0-0 e5 12. Nf5 Bxf5 13. Bxf5 Re8 14. Qc2 g6 15. Rad1 Qb6 16. Bh3 Nh5 17. Be3 Bc5 18. Bxc5 Qxc5 19. g3 b5 20. Bg2 Rac8 21. Rd5 Qc4 22. a3 Nf6 23. Rd6 Kg7 24. Rfd1 Rc7 25. Bf1 Qc5 26. Qe2 Rb8 27. Qf3 Ne8 28. R1d5 Nxd6 29. Rxc5 Rxc5 30. Qd3 Ne8 31. Qd7 Rc7 32. Qd5 Re7 33. Bxb5 Nf6 34. Qd6 Reb7 35. c4 e4 36. b4 Rb6 37. Qd4 a6 38. Ba4 R8b7 39. c5 Re6 40. Bb3 Rd7 41. Qc3 Rd3 42. Qc2 Rc6 43. Bc4 Rxa3 44. Qb2 1-0

[Event "Ceske Budejovice op-B"]
[Site "Ceske Budejovice"]
[Date "2020.07.01"]
[Round "1"]
[White "Stary, Vojtech"]
[Black "Zachar, Jaroslav"]
[Result "1-0"]
[WhiteElo "1422"]
[BlackElo "1831"]
[PlyCount "128"]
[EventDate "2020.07.01"]
[EventType "swiss"]
[EventRounds "9"]
[EventCountry "CZE"]
[SourceTitle "CBM 197 Extra"]
[Source "ChessBase"]
[SourceDate "2020.09.30"]
[SourceVersion "1"]
[SourceVersionDate "2020.09.30"]
[SourceQuality "1"]

1. e4 e6 2. d4 d5 3. Bd3 dxe4 4. Bxe4 Nf6 5. Bf3 c5 6. Ne2 Nc6 7. dxc5 Qxd1+ 8. Kxd1 Bxc5 9. Ke1 Ne5 10. Nd2 0-0 11. h3 Rd8 12. Ng3 Rb8 13. Nge4 Nxf3+ 14. gxf3 Be7 15. Nxf6+ Bxf6 16. Ne4 Be7 17. Bf4 Ra8 18. Ke2 b6 19. Rad1 Ba6+ 20. Ke1 Rxd1+ 21. Kxd1 f6 22. Kc1 e5 23. Be3 f5 24. Nc3 Bb7 25. Rd1 f4 26. Bxb6 Bxf3 27. Rd7 Kf8 28. Rxa7 Rxa7 29. Bxa7 Bg2 30. Bb8 Bf6 31. h4 Ke7 32. a4 Kd7 33. b4 e4 34. Nd5 e3 35. Nxf6+ gxf6 36. fxe3 fxe3 37. Kd1 Bf3+ 38. Ke1 Be4 39. c4 Bd3 40. c5 Bc2 41. a5 Bd3 42. Bf4 e2 43. Kd2 Kc6 44. Bg3 Bb5 45. Ke3 Kd5 46. Kf4 Bd3 47. Bf2 Kc6 48. Ke3 Ba6 49. Ke4 Kb5 50. Be1 Bc8 51. Kf3 h5 52. Kxe2 Bg4+ 53. Ke3 Bd1 54. Ke4 Bc2+ 55. Kd5 f5 56. Ke5 Bd3 57. Kf4 Be2 58. Kxf5 Bg4+ 59. Kf6 Bf3 60. Ke6 Bg4+ 61. Kd6 Bf3 62. Kc7 Bg4 63. Kb7 Bf3+ 64. Kc8 Ka6 1-0